000 00464nam a2200181Ia 4500
001 7837
005 20260306160524.0
008 260306t2013||||xx |||||||||||||| ||spa||
041 _aESP
082 _a362.708694
_bM41
100 _aMelendro Estefanía, Miguel
_eAUT
245 0 _aIntervención con menores y jóvenes en dificultad social
260 _c2013
300 _a311 páginas :
_c24 cm.
650 _aGEN
654 _aCED
942 _cLIB
_dJUS
_fJUS
_2ddc
_n
999 _c7837
_d7837